MDQL
is popping MORE tags! Check the
thread
!
Quizzes
Events
Quiz Creation
Community
Videos
Private Events
Remove Ads
Sign In
Join for FREE
Feedback
Dark Mode
Quiz Categories
Sports
Geography
Music
Movies
Television
Just For Fun
Miscellaneous
History
Literature
Language
Science
Gaming
Entertainment
Religion
Holiday
For Kids
Quiz Lab
Recent
Popular Today
Quiz Kudos Today
Editor Picks
Curator Picks
Quizzes by...
Day
Popularity
Type
Ratings
Length
Year
Community
Subscriptions
Recent Discussions
Orange Saloon
Badges
Playlists
Quests
Create
Leaderboards
Showdown
Live 5
Trivia Bingo
Activity
Puzzle Library
Sporcle Events
Private Events
Virtual Trivia
Globe League
Become a Host
Pub Owners
SporcleCon
Opinionation
Our Games
Videos
Blog
Mobile Apps
Partnerships
Remove Ads and Go Orange
Feedback
Gaming
Video Games
Board Games
Card Games
Pokémon
Mario
Nintendo
Minecraft
Console
Toys
Legend of Zelda
Gaming
Video Games
Board Games
Card Games
Pokémon
Mario
Nintendo
Minecraft
Console
Toys
Legend of Zelda
Random Quiz
Search Sporcle
×
Quiz Lab
Quiz Lab
Gaming
Pokémon
Type in answers that appear in a list
Type in answers that appear in a list
Classic
Best Score? Go Orange.
Pokemon Trivia by Letter Stats
Can you name the Pokemon Trivia by Letter?
By
reginald880
10m
26 Questions
1,453 Plays
1,453 Plays
1,453 Plays
Comments
Comments
Give Quiz Kudos
Give Quiz Kudos
-
- Ratings
hide this ad
Replay
Link that replays current quiz
Next Quiz
Link to next quiz in quiz playlist
You Got
0%
They Got
Avg Score
72%
Avg Friend Score
Upgrade to see
Score Distribution
Jump to the score distribution portion of the page
Score
0/26
Timer
10:00
0
Plays Today
Letter
Pokemon
% Correct
D
Ditto
93.6%
C
Charmander
89.6%
P
Pikachu
88.8%
J
Jolteon
87.2%
X
Xatu
85.5%
M
Mew
84.1%
K
Kadabra
80.4%
T
Typhlosion
79.7%
V
Vileplume
79%
B
Butterfree
78.7%
W
Wigglytuff
76.1%
F
Farfetch'd
71.7%
R
Rattata
71.6%
Letter
Pokemon
% Correct
Q
Qwilfish
71.5%
S
Shaymin
71.5%
Y
Yanma
70.9%
E
Espeon
70.2%
I
Ivysaur
68.8%
N
Nidoking
68.5%
L
Luxio
66.3%
Z
Zangoose
62.2%
A
Abomasnow
59.6%
O
Oddish
59%
U
Ursaring
53.1%
H
Hoppip
47.2%
G
Gallade
42.7%
Quiz Playlist
Details
Report
Send in Message
Add To Playlist
Classic:
Type in answers that appear in a list
Last Updated: Feb 16, 2017
Quiz Scoreboard
CHALLENGE
Sign Up to Join the Scoreboard
Show All
Scores
Hide
Comments
May contain spoilers
Recently Published
1-10 Letter E Words III
by El_Dandy
Language
2m
Street Fighter Characters
by Artimus82
Gaming
60s
College Basketball Coaching Resumes
by pancakes188
Sports
9m
More to Explore
Quiz From the Vault
Featured Blog Post
Where Did the Easter Bunny Come From?
hide this ad
You Might Also Like...
Tags
Letter Quiz
Pokémon Quiz
Today's Top Quizzes in Gaming
Browse Gaming
hide this ad
Today's Top Quizzes in Pokémon
Browse Pokémon
Top Contributed Quizzes in Gaming
1
5-to-1: Consoles
2
7-to-1: Board Game Piece Blitz
3
5-to-1: Legend of Zelda
4
League of Legends Pro Players by Career/Team History
5
Destiny 2 exotic weapons by perk icons
6
Ultimate Genshin Impact Logic Puzzle (up to 4.3)
7
Franchise by Action Figure
8
Who's on the WWE 2K24 Cover?
9
Genshin Impact Logic Puzzle Quiz
10
Order the Pokémon Regions
Explore More
Trending Topics
NBA
Kpop
Marvel
Disney
Crossword
Anime
Harry Potter
NFL
The Office
WWE
Soccer
Song
Country
Puzzle
Pokémon
hide this ad
More By:
reginald880
Quiz
Plays
Rating
Category
Featured
Created
Pokemon Trivia by Letter
1,453
2.41
Gaming
Jun 19, 2010
Go to Creator's Profile
Score Distribution
Quiz Creator Spotlight
reginald880
Follow
Send a Message
Quizzes Created
-
Created Quiz Play Count
-
More By This Creator
Popular Quizzes Today
1
Find the US States - No Outlines Minefield
2
Find the Countries of Europe - No Outlines Minefield
3
The Countries of the World
4
Find the US States
5
Risky Map Clicking: Biggest States A-Z
6
US States
7
Popular People in 1961
8
Movies - When Are They Set?
More Gaming Quizzes
Pokemon Moves Gen 1
Quiz Lab
Trending Quizzes
Risky Map Clicking: Least Populous States A-Z
Billboard Blitz: Aretha Franklin
Famous Russians: Author or Composer?
Countries of the World: 200 Million BC
1-10 Letter G Words
Recently Updated
Leaping Animals
pecheneg
Reality TV Shows (A-Z)
bhenderson79
Rickey Henderson's Hall of Fame Teammates
pecheneg
Champions League XIs: Arsenal
pecheneg
Quick Pick: Celebrities in WWE's Hall of Fame
aduchscher
A-Z Keypad Blitz II
pecheneg
Multiple Oscar Actors
pecheneg
Mystery Phrase Blitz: Oscar 'Best Actors'
pecheneg
F. Scott Fitzgerald Novels
LTH
Pick 3 Villains
ddd62291
Trending Topics
Crossword
NBA
Kpop
Disney
Anime
Marvel
Harry Potter
WWE
Song
Soccer
NFL
Country
Pokémon
Puzzle
The Office
Your Account Isn't Verified!
In order to create a playlist on Sporcle, you need to verify the email address you used during registration. Go to your
Sporcle Settings
to finish the process.
Report this User
Report this user for behavior that violates our
Community Guidelines
.
Details:
Send Report
Go to the Sporcle.com Mobile Site →
Comments